000 00723nam a2200289Ia 4500
005 20260324122819.0
008 008 260324s9999 xx 000 0 eng d
020 _a9780203110034
037 _aEBOOK
040 _aCRL
040 _beng
040 _cCRL
041 _2eng
041 _aeng
084 _qCRL
100 _aLéon Wurmser; Heidrun Jarass
_91167920
245 0 _aNothing Good Is Allowed to Stand
245 3 _bAn Integrative View of the Negative Therapeutic Reaction
260 _bTaylor and Francis
260 _c2012
365 _a
365 _b195
856 _uhttp://www.taylorfrancis.com/books/9780203110034
942 _cEBOOK
999 _c1760937
_d1760937